| 000 | 00401nam a2200181Ia 4500 | ||
|---|---|---|---|
| 001 | 9935 | ||
| 005 | 20260306161755.0 | ||
| 008 | 260306t1995||||xx |||||||||||||| ||spa|| | ||
| 041 | _aESP | ||
| 082 |
_a808.8 _bO693O T. 1 |
||
| 100 |
_aPlatonis _eAUT |
||
| 245 | 0 | _aOpera | |
| 260 | _c1995 | ||
| 300 |
_axxxi, 572 páginas : _c19 cm. |
||
| 650 | _aGEN | ||
| 654 | _aCHU | ||
| 942 |
_cLIB _dJUS _fJUS _2ddc _n |
||
| 999 |
_c9935 _d9935 |
||